[Event "Marienbad 2016 - GM"]
[Site "Marianske Lazne CZE"]
[Date "2016.01.16"]
[Round "1.1"]
[White "Siva, Mahadevan"]
[Black "Kobo, Ori"]
[Result "0-1"]
[WhiteElo "2370"]
[BlackElo "2437"]
[PlyCount "100"]
[EventDate "2016.01.16"]
[EventType "tourn"]
[EventRounds "9"]
[EventCountry "CZE"]
[Source "lmi"]
[SourceDate "2016.01.16"]

1. d4 Nf6 2. c4 e6 3. Nc3 Bb4 4. Qc2 b6 5. e4 c5 6. d5 Qe7 7. Be2 d6 8. Nf3 O-O
9. O-O Bxc3 10. bxc3 exd5 11. exd5 Bf5 12. Qxf5 Qxe2 13. Bf4 Qxc4 14. Bxd6 Re8
15. Rad1 Nbd7 16. Bg3 Qxc3 17. Rfe1 Qc4 18. d6 Rxe1+ 19. Rxe1 Qd5 20. Qc2 Re8
21. Rd1 Qe4 22. Qc1 h6 23. h3 Qa4 24. a3 Re2 25. Re1 Rxe1+ 26. Qxe1 Qe4 27.
Qxe4 Nxe4 28. Ne5 Nef6 29. Nc6 a6 30. f3 Kf8 31. Kf2 Nd5 32. Ke2 Ke8 33. Kd3 f5
34. Bh2 b5 35. g4 fxg4 36. fxg4 N5b6 37. Ke4 Nc4 38. Kf5 Nxa3 39. Kg6 b4 40.
Bf4 Nf8+ 41. Kf5 Nc4 42. Ke4 g5 43. Bg3 Nd7 44. Kd3 Ncb6 45. Ne5 Nxe5+ 46. Bxe5
Kf7 47. Kc2 a5 48. Bg3 Ke6 49. Kb3 a4+ 50. Ka2 b3+ 0-1

[Event "Marienbad 2016 - GM"]
[Site "Marianske Lazne CZE"]
[Date "2016.01.16"]
[Round "1.2"]
[White "Vykouk, Jan"]
[Black "Esserman, Marc"]
[Result "1/2-1/2"]
[WhiteElo "2427"]
[BlackElo "2419"]
[PlyCount "111"]
[EventDate "2016.01.16"]
[EventType "tourn"]
[EventRounds "9"]
[EventCountry "CZE"]
[Source "lmi"]
[SourceDate "2016.01.16"]

1. e4 c5 2. Nf3 d6 3. d4 cxd4 4. Nxd4 Nf6 5. Nc3 a6 6. Be2 e5 7. Nb3 Be7 8. O-O
O-O 9. a4 Be6 10. Bf3 b6 11. Bg5 Nbd7 12. Nd2 h6 13. Be3 Qc7 14. Qe2 Rfc8 15.
Rfd1 Qb7 16. Qf1 Bf8 17. Ndb1 Nc5 18. Nd2 Ng4 19. Bxg4 Bxg4 20. f3 Be6 21. Nc4
Nxe4 22. Nxb6 Nxc3 23. bxc3 Rxc3 24. Qe1 Rxc2 25. Nxa8 Qxa8 26. Rdc1 Qc6 27.
Rxc2 Qxc2 28. Qc1 Qe2 29. Rb1 Be7 30. h3 Qd3 31. Rb7 Bf6 32. Qd2 Qxd2 33. Bxd2
Bc4 34. Rb6 d5 35. Bxh6 e4 36. Be3 exf3 37. gxf3 Kh7 38. Kg2 Bc3 39. Rb1 Kg6
40. Rd1 f6 41. Kf2 Bb4 42. Bd4 a5 43. Ke3 Bb3 44. Ra1 Kf5 45. h4 Kg6 46. Rg1+
Kh6 47. Rc1 Bxa4 48. Bc5 Kh5 49. Bxb4 axb4 50. Rc7 g5 51. hxg5 Kxg5 52. Rc5 Kg6
53. Rxd5 Bc2 54. Rb5 b3 55. Kf4 Kf7 56. Rb6 1/2-1/2

[Event "Marienbad 2016 - GM"]
[Site "Marianske Lazne CZE"]
[Date "2016.01.16"]
[Round "1.3"]
[White "Padmini, Rout"]
[Black "Kononenko, Dmitry"]
[Result "0-1"]
[WhiteElo "2427"]
[BlackElo "2618"]
[PlyCount "90"]
[EventDate "2016.01.16"]
[EventType "tourn"]
[EventRounds "9"]
[EventCountry "CZE"]
[Source "lmi"]
[SourceDate "2016.01.16"]

1. e4 c5 2. Nf3 Nc6 3. d4 cxd4 4. Nxd4 Nf6 5. Nc3 d6 6. Bg5 e6 7. Qd2 a6 8.
O-O-O h6 9. Bf4 Bd7 10. Nxc6 Bxc6 11. f3 d5 12. Qe1 Bb4 13. a3 Ba5 14. b4 Bb6
15. Be5 O-O 16. Qg3 Nh5 17. Qg4 Nf6 18. Qg3 Rc8 19. exd5 Bxd5 20. Ne4 Nh5 21.
Qg4 f5 22. Qxh5 fxe4 23. fxe4 Bxe4 24. Rxd8 Rxc2+ 25. Kb1 Rxd8 26. Bc4 Rxc4+
27. Ka1 Bd4+ 28. Bxd4 Rcxd4 29. Rc1 Rd2 30. Re1 Rc8 31. Qh3 Bd5 32. g4 Rcc2 33.
g5 Rxh2 34. Qe3 Ra2+ 35. Kb1 Rab2+ 36. Ka1 Ra2+ 37. Kb1 Rab2+ 38. Ka1 hxg5 39.
Rd1 Ra2+ 40. Kb1 Rab2+ 41. Ka1 Rhe2 42. Qc3 Ra2+ 43. Kb1 Be4+ 44. Rd3 Bxd3+ 45.
Qxd3 Rad2 0-1

[Event "Marienbad 2016 - GM"]
[Site "Marianske Lazne CZE"]
[Date "2016.01.16"]
[Round "1.4"]
[White "Teske, Henrik"]
[Black "Kim, Alexey"]
[Result "1-0"]
[WhiteElo "2461"]
[BlackElo "2460"]
[PlyCount "81"]
[EventDate "2016.01.16"]
[EventType "tourn"]
[EventRounds "9"]
[EventCountry "CZE"]
[Source "lmi"]
[SourceDate "2016.01.16"]

1. d4 Nf6 2. c4 e6 3. Nf3 d5 4. Nc3 Be7 5. cxd5 exd5 6. Bg5 c6 7. e3 Nbd7 8.
Bd3 Nh5 9. Bxe7 Qxe7 10. O-O g6 11. e4 dxe4 12. Bxe4 O-O 13. d5 Nc5 14. Re1
Nxe4 15. Rxe4 Qf6 16. dxc6 bxc6 17. Qd4 Be6 18. Rc1 Rfd8 19. Qe3 Ng7 20. Re5
Nf5 21. Qf4 Qg7 22. h3 h6 23. Rce1 Rac8 24. Qa4 Rd7 25. R5e4 Rb7 26. R4e2 c5
27. Rd2 Rcb8 28. Qa3 Qf8 29. Ne4 Rb4 30. Ne5 Nd4 31. Nf6+ Kg7 32. Nfd7 Bxd7 33.
Nxd7 Qd6 34. Nxb8 Rxb8 35. Qc3 Kh7 36. Rd3 Rd8 37. Rde3 Qd5 38. b3 Rc8 39. Re5
Qd6 40. Re7 Qf6 41. Qc4 1-0

[Event "Marienbad 2016 - GM"]
[Site "Marianske Lazne CZE"]
[Date "2016.01.16"]
[Round "1.5"]
[White "Szwed, Jacek"]
[Black "Moulthun, Ly"]
[Result "1/2-1/2"]
[WhiteElo "2369"]
[BlackElo "2474"]
[PlyCount "57"]
[EventDate "2016.01.16"]
[EventType "tourn"]
[EventRounds "9"]
[EventCountry "CZE"]
[Source "lmi"]
[SourceDate "2016.01.16"]

1. e4 c5 2. Nf3 e6 3. Nc3 a6 4. g3 b5 5. d4 cxd4 6. Nxd4 Bb7 7. Bg2 Nf6 8. O-O
b4 9. Na4 Nxe4 10. Re1 d5 11. Nxe6 fxe6 12. Qh5+ Kd7 13. Rxe4 dxe4 14. Bg5 Be7
15. Rd1+ Bd5 16. Bxe4 Qe8 17. Qg4 Kc7 18. Bf4+ Bd6 19. Bxd6+ Kxd6 20. Nb6 Rf8
21. Nxa8 Qf7 22. Bxd5 Qxf2+ 23. Kh1 exd5 24. Qxb4+ Kc6 25. Re1 Qf3+ 26. Kg1
Qf2+ 27. Kh1 Qf3+ 28. Kg1 Qf2+ 29. Kh1 1/2-1/2

[Event "Marienbad 2016 - GM"]
[Site "Marianske Lazne CZE"]
[Date "2016.01.17"]
[Round "2.1"]
[White "Kobo, Ori"]
[Black "Moulthun, Ly"]
[Result "1-0"]
[WhiteElo "2437"]
[BlackElo "2474"]
[PlyCount "41"]
[EventDate "2016.01.16"]
[EventType "tourn"]
[EventRounds "9"]
[EventCountry "CZE"]
[Source "lmi"]
[SourceDate "2016.01.16"]

1. e4 c5 2. Nf3 Nc6 3. d4 cxd4 4. Nxd4 e6 5. Nc3 a6 6. Be3 d6 7. f4 Bd7 8. Qf3
Rc8 9. O-O-O Na5 10. f5 e5 11. Nb3 Nc4 12. Bxc4 Rxc4 13. g4 h6 14. h4 Bc6 15.
g5 hxg5 16. hxg5 Rxh1 17. Rxh1 Ne7 18. Rh7 Nc8 19. Rh8 Ne7 20. g6 d5 21. f6 1-0

[Event "Marienbad 2016 - GM"]
[Site "Marianske Lazne CZE"]
[Date "2016.01.17"]
[Round "2.3"]
[White "Kononenko, Dmitry"]
[Black "Teske, Henrik"]
[Result "1-0"]
[WhiteElo "2618"]
[BlackElo "2461"]
[PlyCount "165"]
[EventDate "2016.01.16"]
[EventType "tourn"]
[EventRounds "9"]
[EventCountry "CZE"]
[Source "lmi"]
[SourceDate "2016.01.16"]

1. e4 c6 2. d4 d5 3. Nc3 dxe4 4. Nxe4 Bf5 5. Ng3 Bg6 6. h4 h6 7. Nf3 Nd7 8. h5
Bh7 9. Bd3 Bxd3 10. Qxd3 e6 11. Bd2 Ngf6 12. O-O-O Be7 13. Ne4 Nxe4 14. Qxe4
Nf6 15. Qd3 O-O 16. Kb1 c5 17. Be3 Qc7 18. c4 Rfd8 19. Qe2 cxd4 20. Nxd4 a6 21.
Nb3 Qe5 22. Qf3 Qc7 23. Qe2 Rac8 24. Rxd8+ Rxd8 25. g4 Qc6 26. Rg1 Rc8 27. Nd2
b5 28. g5 hxg5 29. Bxg5 Qc5 30. Qf3 Qf5+ 31. Qxf5 exf5 32. cxb5 axb5 33. h6 g6
34. Re1 Bd8 35. Re5 Rb8 36. Nf3 Kh7 37. Bc1 Nd7 38. Rd5 Nf6 39. Re5 Nd7 40. Rd5
Nf6 41. Ng5+ Kg8 42. Re5 Rb7 43. Be3 Be7 44. Bc5 Bxc5 45. Rxc5 Rb8 46. Rc7 Rf8
47. Rb7 Ne4 48. h7+ Kh8 49. Nxf7+ Kxh7 50. f3 Nc5 51. Rxb5 Rxf7 52. Rxc5 g5 53.
a4 Kg6 54. a5 g4 55. fxg4 f4 56. Ka2 f3 57. Rc1 Kg5 58. b4 Kxg4 59. a6 f2 60.
b5 Rf4 61. Kb3 f1=Q 62. Rxf1 Rxf1 63. a7 Ra1 64. b6 Ra6 65. Kc4 Rxb6 66. a8=Q
Rf6 67. Kd4 Rf4+ 68. Ke3 Rf6 69. Qd5 Rf5 70. Qg8+ Kh5 71. Ke4 Rf1 72. Qc4 Rf6
73. Ke5 Rf2 74. Qc5 Rf1 75. Qd5 Rf8 76. Ke6+ Kg4 77. Qg2+ Kh4 78. Qg6 Rf1 79.
Ke5 Rf3 80. Ke4 Rf1 81. Ke3 Kh3 82. Qg5 Kh2 83. Ke2 1-0

[Event "Marienbad 2016 - GM"]
[Site "Marianske Lazne CZE"]
[Date "2016.01.17"]
[Round "2.5"]
[White "Siva, Mahadevan"]
[Black "Vykouk, Jan"]
[Result "0-1"]
[WhiteElo "2370"]
[BlackElo "2427"]
[PlyCount "128"]
[EventDate "2016.01.16"]
[EventType "tourn"]
[EventRounds "9"]
[EventCountry "CZE"]
[Source "lmi"]
[SourceDate "2016.01.16"]

1. e4 e6 2. d3 c5 3. Nd2 Nc6 4. Ngf3 g6 5. h4 h6 6. e5 Qc7 7. Qe2 Bg7 8. Nc4
Nge7 9. Nd6+ Kf8 10. Bf4 Nd5 11. Bg3 Qa5+ 12. Qd2 Qxd2+ 13. Kxd2 f5 14. c4 Nc7
15. Be2 a6 16. a3 Ne8 17. Nxc8 Rxc8 18. b4 b6 19. bxc5 bxc5 20. Rab1 Ke7 21.
Bf4 Nc7 22. Bd1 Rb8 23. Ba4 Nd4 24. Nxd4 cxd4 25. Kc2 Rhc8 26. Rxb8 Rxb8 27.
Re1 Kd8 28. Bc1 Bf8 29. f3 Na8 30. g4 Nb6 31. Bb3 Ke8 32. gxf5 gxf5 33. h5 Kf7
34. Rg1 Bg7 35. f4 Rc8 36. Kb1 d6 37. exd6 Nd7 38. Rxg7+ Kxg7 39. Bb2 Rc6 40.
Bxd4+ Kf7 41. Be5 Nxe5 42. fxe5 f4 43. Kc1 a5 44. d4 a4 45. Ba2 f3 46. c5 Rc8
47. Bc4 f2 48. Kd2 Rb8 49. c6 Rb2+ 50. Ke3 Rc2 51. Bb5 Rxc6 52. Kxf2 Rc3 53.
Bxa4 Rd3 54. Bc6 Rxd4 55. Ke3 Rc4 56. Be4 Ra4 57. Kf4 Rxa3 58. Bg6+ Kf8 59. Be4
Ke8 60. Bf3 Kd7 61. Bg4 Ra4+ 62. Kf3 Rb4 63. Bh3 Rb3+ 64. Kg4 Re3 0-1

[Event "Marienbad 2016 - GM"]
[Site "Marianske Lazne CZE"]
[Date "2016.01.18"]
[Round "3.1"]
[White "Vykouk, Jan"]
[Black "Kobo, Ori"]
[Result "1-0"]
[WhiteElo "2427"]
[BlackElo "2437"]
[PlyCount "129"]
[EventDate "2016.01.16"]
[EventType "tourn"]
[EventRounds "9"]
[EventCountry "CZE"]
[Source "lmi"]
[SourceDate "2016.01.16"]

1. e4 e6 2. d4 d5 3. exd5 exd5 4. Bd3 c5 5. Qe2+ Be7 6. dxc5 Nf6 7. Bg5 O-O 8.
Nc3 h6 9. Bh4 Bg4 10. f3 Be6 11. O-O-O Nbd7 12. f4 Nxc5 13. f5 Bd7 14. Nf3 Re8
15. Rhe1 Qa5 16. Kb1 Rac8 17. Qd2 Nxd3 18. Qxd3 Bc6 19. Re5 Bd6 20. Rxe8+ Rxe8
21. Bxf6 gxf6 22. a3 Qb6 23. Ka2 Be5 24. Nxe5 Rxe5 25. Qh3 Qf2 26. Qxh6 Qxf5
27. Rd3 Qg6 28. Qf4 Rg5 29. Rh3 Rh5 30. Rxh5 Qxh5 31. Qxf6 Qxh2 32. Qg5+ Kf8
33. Nxd5 Bxd5+ 34. Qxd5 Qc7 35. c4 b6 36. b4 Qe7 37. c5 Qe2+ 38. Kb3 bxc5 39.
bxc5 Qb5+ 40. Kc3 Qa5+ 41. Kb2 Qb5+ 42. Kc1 Qf1+ 43. Kc2 Qe2+ 44. Kc3 Qe1+ 45.
Kb3 Qb1+ 46. Ka4 Qc2+ 47. Kb5 Qb2+ 48. Kc6 Qxa3 49. Kd7 Qa5 50. Qd6+ Kg7 51. c6
Qf5+ 52. Kd8 Qg5+ 53. Ke8 Qe3+ 54. Kd7 Qe4 55. c7 Qa4+ 56. Kc8 Qe8+ 57. Kb7
Qb5+ 58. Kxa7 Qa5+ 59. Kb7 Qb5+ 60. Qb6 Qd5+ 61. Ka7 Qc4 62. Kb8 Qf4 63. Qc5
Kh7 64. Qc2+ Kg7 65. Ka8 1-0

[Event "Marienbad 2016 - GM"]
[Site "Marianske Lazne CZE"]
[Date "2016.01.18"]
[Round "3.2"]
[White "Padmini, Rout"]
[Black "Siva, Mahadevan"]
[Result "1-0"]
[WhiteElo "2427"]
[BlackElo "2370"]
[PlyCount "129"]
[EventDate "2016.01.16"]
[EventType "tourn"]
[EventRounds "9"]
[EventCountry "CZE"]
[Source "lmi"]
[SourceDate "2016.01.16"]

1. e4 c5 2. Nf3 d6 3. Bb5+ Bd7 4. Bxd7+ Nxd7 5. c4 Ne5 6. O-O Nxf3+ 7. Qxf3 g6
8. e5 dxe5 9. Qxb7 Nf6 10. b3 Bg7 11. Bb2 Nd7 12. Nc3 O-O 13. Rad1 Qc8 14. Qf3
e6 15. Qe3 Qc6 16. Na4 Rfd8 17. d3 Rac8 18. Rfe1 Qd6 19. g3 Re8 20. Kg2 f6 21.
Qe4 Nb6 22. Nc3 a6 23. h4 Rc7 24. Qf3 Nc8 25. Ne4 Qe7 26. Ba3 f5 27. Nd2 Nb6
28. Qe2 Nd7 29. Nf3 Bf6 30. Bb2 e4 31. dxe4 fxe4 32. Ng5 Bxg5 33. hxg5 Qxg5 34.
Qxe4 Qe7 35. Re2 e5 36. Qd5+ Qe6 37. Qf3 Rf8 38. Qc3 Rf5 39. Qd3 Rf7 40. Qd5
Qg4 41. f3 Qf5 42. Bxe5 Nxe5 43. Rxe5 Qc2+ 44. Rd2 Qc3 45. Re8+ Kg7 46. Qe5+
Qxe5 47. Rxe5 Rfe7 48. Rxe7+ Rxe7 49. Kf2 a5 50. Rd5 Rc7 51. a4 Kf7 52. Ke3 Ke6
53. Ke4 Rc6 54. g4 Rc8 55. f4 Rc6 56. g5 Rc7 57. f5+ gxf5+ 58. Rxf5 Rc8 59.
Rf6+ Ke7 60. Rh6 Rb8 61. Rxh7+ Ke6 62. Rh3 Rg8 63. Rg3 Rg6 64. Rg1 Rg8 65. g6
1-0

[Event "Marienbad 2016 - GM"]
[Site "Marianske Lazne CZE"]
[Date "2016.01.18"]
[Round "3.3"]
[White "Teske, Henrik"]
[Black "Esserman, Marc"]
[Result "1/2-1/2"]
[WhiteElo "2461"]
[BlackElo "2419"]
[PlyCount "59"]
[EventDate "2016.01.16"]
[EventType "tourn"]
[EventRounds "9"]
[EventCountry "CZE"]
[Source "lmi"]
[SourceDate "2016.01.16"]

1. d4 d5 2. c4 e6 3. Nc3 c6 4. Nf3 Nf6 5. cxd5 exd5 6. Bg5 Bf5 7. a3 Be7 8. e3
Nbd7 9. Be2 O-O 10. O-O Re8 11. Nd2 a5 12. Rc1 Bd6 13. Bf3 Qb8 14. g3 h6 15.
Bxf6 Nxf6 16. Re1 Bg6 17. Qb3 Qa7 18. Na4 Ne4 19. Nxe4 Bxe4 20. Bxe4 Rxe4 21.
Qd3 Rae8 22. Nc3 R4e6 23. Re2 Qb6 24. Rce1 Qb3 25. Kg2 Bf8 26. Qc2 Qb6 27. Qd3
Qb3 28. Qd1 Qb6 29. Qc2 Qd8 30. Qd3 1/2-1/2

[Event "Marienbad 2016 - GM"]
[Site "Marianske Lazne CZE"]
[Date "2016.01.18"]
[Round "3.4"]
[White "Szwed, Jacek"]
[Black "Kononenko, Dmitry"]
[Result "1/2-1/2"]
[WhiteElo "2369"]
[BlackElo "2618"]
[PlyCount "27"]
[EventDate "2016.01.16"]
[EventType "tourn"]
[EventRounds "9"]
[EventCountry "CZE"]
[Source "lmi"]
[SourceDate "2016.01.16"]

1. e4 c5 2. Nf3 Nc6 3. Bb5 e6 4. O-O Nge7 5. c3 a6 6. Ba4 b5 7. Bc2 Bb7 8. Re1
c4 9. a4 Ng6 10. axb5 axb5 11. Rxa8 Bxa8 12. d4 cxd3 13. Qxd3 b4 14. Ba4
1/2-1/2

[Event "Marienbad 2016 - GM"]
[Site "Marianske Lazne CZE"]
[Date "2016.01.18"]
[Round "3.5"]
[White "Moulthun, Ly"]
[Black "Kim, Alexey"]
[Result "1/2-1/2"]
[WhiteElo "2474"]
[BlackElo "2460"]
[PlyCount "127"]
[EventDate "2016.01.16"]
[EventType "tourn"]
[EventRounds "9"]
[EventCountry "CZE"]
[Source "lmi"]
[SourceDate "2016.01.16"]

1. e4 e6 2. d4 d5 3. Nd2 c5 4. Ngf3 cxd4 5. Nxd4 Nc6 6. Bb5 Bd7 7. Nxc6 Bxc6 8.
Bxc6+ bxc6 9. c4 Nf6 10. Qa4 Qd7 11. e5 Ng8 12. O-O Ne7 13. Nf3 c5 14. Qc2 d4
15. Re1 Nc6 16. Qe4 Rb8 17. Rb1 Be7 18. Qg4 Kf8 19. Bg5 h6 20. Bxe7+ Qxe7 21.
Qe4 Qc7 22. b4 cxb4 23. Nxd4 Nxd4 24. Qxd4 g6 25. c5 Kg7 26. Rxb4 Rhd8 27. Qc3
Rxb4 28. Qxb4 Rc8 29. Rc1 Qxe5 30. h3 Rc7 31. c6 h5 32. h4 Qd5 33. Qc3+ Kf8 34.
g3 Ke7 35. Rc2 Qd1+ 36. Kh2 Qd5 37. Qb4+ Qd6 38. Qb2 Qd5 39. Qc1 Qe5 40. Rd2
Qb5 41. Qa3+ Kf6 42. Qc3+ Qe5 43. Qc4 Ke7 44. Qc1 Qb5 45. Qa3+ Kf6 46. Qf8 Qxc6
47. Qh8+ Kf5 48. Qd8 f6 49. Rd4 g5 50. hxg5 fxg5 51. Qf8+ Kg6 52. Rd6 Qc4 53.
Qg8+ Kf6 54. Qh8+ Kg6 55. Qe8+ Kf6 56. Qh8+ Kg6 57. Qe5 Re7 58. Rd8 Rg7 59. Re8
Kf7 60. Rd8 Kg6 61. Re8 Kf7 62. Rd8 Kg6 63. Rd6 Re7 64. Rd8 1/2-1/2

[Event "Marienbad 2016 - GM"]
[Site "Marianske Lazne CZE"]
[Date "2016.01.19"]
[Round "4.1"]
[White "Kobo, Ori"]
[Black "Kim, Alexey"]
[Result "1/2-1/2"]
[WhiteElo "2437"]
[BlackElo "2460"]
[PlyCount "126"]
[EventDate "2016.01.16"]
[EventType "tourn"]
[EventRounds "9"]
[EventCountry "CZE"]
[Source "lmi"]
[SourceDate "2016.01.16"]

1. e4 c5 2. Nf3 e6 3. d4 cxd4 4. Nxd4 a6 5. c4 Qc7 6. Nc3 Nf6 7. Be2 b6 8. Be3
Bb7 9. f3 d6 10. O-O Nbd7 11. Qd2 Be7 12. Rfc1 Rc8 13. a4 Qb8 14. Nb3 Nc5 15.
Ra3 O-O 16. a5 bxa5 17. Nxc5 dxc5 18. Bf4 Rcd8 19. Nd5 Bd6 20. Bxd6 Qxd6 21.
Nxf6+ gxf6 22. Qxd6 Rxd6 23. Rc2 Rc8 24. Rxa5 Rb6 25. Rd2 Kf8 26. Kf2 Ke7 27.
Ra3 Bc6 28. b3 Bb7 29. Ke3 Rc7 30. Bd1 Rd7 31. Ra5 Rbd6 32. Rxd6 Kxd6 33. Bc2
e5 34. Ra1 Ke7 35. h4 Bc8 36. g4 h6 37. Ra5 Kd6 38. Bd3 Kc6 39. Ra2 Rd8 40. Rf2
Rg8 41. Be2 Kb6 42. Rf1 Be6 43. Kd2 Rd8+ 44. Kc3 Rg8 45. h5 Kc6 46. f4 exf4 47.
Rxf4 Kd6 48. Rxf6 Rh8 49. Rf1 Ke5 50. Bd3 a5 51. Bc2 f6 52. Ra1 Ra8 53. Rg1 Rg8
54. Bd1 Rd8 55. Bc2 Rg8 56. Ra1 Ra8 57. Rg1 Rg8 58. Bd1 Rd8 59. Bc2 Rd6 60. Ra1
Ra6 61. Rd1 Rd6 62. Ra1 Ra6 63. Rd1 Ra8 1/2-1/2

[Event "Marienbad 2016 - GM"]
[Site "Marianske Lazne CZE"]
[Date "2016.01.19"]
[Round "4.2"]
[White "Kononenko, Dmitry"]
[Black "Moulthun, Ly"]
[Result "1/2-1/2"]
[WhiteElo "2618"]
[BlackElo "2474"]
[PlyCount "76"]
[EventDate "2016.01.16"]
[EventType "tourn"]
[EventRounds "9"]
[EventCountry "CZE"]
[Source "lmi"]
[SourceDate "2016.01.16"]

1. e4 c5 2. Nf3 e6 3. d4 cxd4 4. Nxd4 Nc6 5. Nc3 Qc7 6. Be3 a6 7. Qd2 Nf6 8.
O-O-O Be7 9. f3 b5 10. g4 Nxd4 11. Bxd4 Bb7 12. Qf2 O-O 13. Kb1 Rac8 14. Bd3 d6
15. h4 Nd7 16. g5 b4 17. Ne2 d5 18. Ng3 Bc5 19. Rhg1 Ne5 20. Bxc5 Qxc5 21. Qe2
a5 22. h5 a4 23. exd5 Nxd3 24. Ne4 Qd4 25. Qxd3 Qxd3 26. Rxd3 Bxd5 27. b3 axb3
28. axb3 Bxe4 29. fxe4 Rc5 30. Rd7 Re5 31. Rg4 Rb5 32. Re7 Rc8 33. g6 Rxh5 34.
gxf7+ Kf8 35. Re8+ Rxe8 36. fxe8=Q+ Kxe8 37. Rxg7 Rh1+ 38. Kb2 Rh4 1/2-1/2

[Event "Marienbad 2016 - GM"]
[Site "Marianske Lazne CZE"]
[Date "2016.01.19"]
[Round "4.3"]
[White "Esserman, Marc"]
[Black "Szwed, Jacek"]
[Result "1/2-1/2"]
[WhiteElo "2419"]
[BlackElo "2369"]
[PlyCount "93"]
[EventDate "2016.01.16"]
[EventType "tourn"]
[EventRounds "9"]
[EventCountry "CZE"]
[Source "lmi"]
[SourceDate "2016.01.16"]

1. d4 d5 2. Nf3 Nf6 3. Bf4 g6 4. e3 Bg7 5. Bd3 O-O 6. h3 b6 7. Qe2 Bb7 8. Nbd2
Nbd7 9. Ne5 Nxe5 10. Bxe5 Ne4 11. Bxg7 Kxg7 12. Nf3 c5 13. c3 Qc7 14. O-O Rad8
15. Rac1 Nd6 16. Rfd1 Rfe8 17. b3 Rc8 18. c4 dxc4 19. bxc4 e6 20. Qb2 f6 21.
Be2 Ne4 22. d5 Rcd8 23. dxe6 Rxe6 24. Rxd8 Qxd8 25. Qa3 a6 26. Rd1 Rd6 27. Rxd6
Qxd6 28. Qb2 Kf7 29. Qc2 Ke7 30. Bd3 Qc6 31. Bxe4 Qxe4 32. Qb3 Qc6 33. Ne1 Qe6
34. Nd3 Qd6 35. f3 Kd7 36. Kf2 Kc7 37. Qc3 Bc8 38. Nf4 Bb7 39. h4 Bc6 40. g4
Qe5 41. Qxe5+ fxe5 42. Ne6+ Kd6 43. Nf8 Be8 44. Nxh7 Bf7 45. Ng5 Bxc4 46. a3
Ke7 47. Ne4 1/2-1/2

[Event "Marienbad 2016 - GM"]
[Site "Marianske Lazne CZE"]
[Date "2016.01.19"]
[Round "4.4"]
[White "Siva, Mahadevan"]
[Black "Teske, Henrik"]
[Result "0-1"]
[WhiteElo "2370"]
[BlackElo "2461"]
[PlyCount "56"]
[EventDate "2016.01.16"]
[EventType "tourn"]
[EventRounds "9"]
[EventCountry "CZE"]
[Source "lmi"]
[SourceDate "2016.01.16"]

1. e4 e6 2. d3 d5 3. Qe2 c5 4. Nf3 Ne7 5. g3 g6 6. Bg2 Bg7 7. O-O Nbc6 8. Re1
O-O 9. h4 e5 10. c3 Bg4 11. Nbd2 d4 12. Nf1 h6 13. N1h2 Be6 14. cxd4 cxd4 15.
Bd2 a5 16. Rec1 Qb6 17. b3 Rfc8 18. Qf1 Nb4 19. Bxb4 axb4 20. Nd2 Rc3 21. Nb1
Rxc1 22. Qxc1 Bxb3 23. Qb2 Be6 24. a3 Qa5 25. Nf3 Nc6 26. Nfd2 Bf8 27. Nc4 Qa6
28. Bf1 b5 0-1

[Event "Marienbad 2016 - GM"]
[Site "Marianske Lazne CZE"]
[Date "2016.01.19"]
[Round "4.5"]
[White "Vykouk, Jan"]
[Black "Padmini, Rout"]
[Result "1/2-1/2"]
[WhiteElo "2427"]
[BlackElo "2427"]
[PlyCount "27"]
[EventDate "2016.01.16"]
[EventType "tourn"]
[EventRounds "9"]
[EventCountry "CZE"]
[Source "lmi"]
[SourceDate "2016.01.16"]

1. e4 c5 2. Nf3 e6 3. d4 cxd4 4. Nxd4 Nc6 5. Nc3 Qc7 6. Be2 Nf6 7. Be3 Be7 8.
Qd2 a6 9. f4 b5 10. a3 Nxd4 11. Qxd4 Bb7 12. Bf3 d6 13. O-O O-O 14. Rad1
1/2-1/2

[Event "Marienbad 2016 - GM"]
[Site "Marianske Lazne CZE"]
[Date "2016.01.19"]
[Round "5.1"]
[White "Padmini, Rout"]
[Black "Kobo, Ori"]
[Result "0-1"]
[WhiteElo "2427"]
[BlackElo "2437"]
[PlyCount "186"]
[EventDate "2016.01.16"]
[EventType "tourn"]
[EventRounds "9"]
[EventCountry "CZE"]
[Source "lmi"]
[SourceDate "2016.01.16"]

1. d4 Nf6 2. Nf3 d5 3. e3 e6 4. Bd3 c5 5. O-O Nc6 6. b3 cxd4 7. Nxd4 Nxd4 8.
exd4 Be7 9. Nd2 O-O 10. Qe2 b6 11. Nf3 Bb7 12. Ne5 Rc8 13. Bb2 Qc7 14. Rac1
Rfe8 15. Rfe1 Bb4 16. c3 Bf8 17. Bb5 Red8 18. c4 Qe7 19. c5 g6 20. b4 Nh5 21.
g3 Ng7 22. Bd3 Rc7 23. Rc2 Nh5 24. Qe3 a5 25. Ba3 axb4 26. Bxb4 Qe8 27. Qd2 Qa4
28. a3 bxc5 29. Ba5 Rdc8 30. Bxc7 Rxc7 31. dxc5 Qxa3 32. c6 Bc8 33. Rb1 Qd6 34.
Ng4 e5 35. Ne3 Be6 36. Be2 Nf6 37. Rb6 Bh6 38. Nc4 Qf8 39. Qa5 dxc4 40. Bxc4
Bxc4 41. Rxc4 Qd6 42. Qc5 Ne4 43. Qxd6 Nxd6 44. Rc5 f6 45. Kf1 Kf7 46. Ke2 Ke6
47. h4 Bf8 48. Rc1 Be7 49. Ra6 Nf5 50. Kd3 Nd4 51. Rh1 h5 52. f4 Rxc6 53. Rxc6+
Nxc6 54. fxe5 fxe5 55. Ke4 Nd4 56. Rg1 Nf5 57. g4 hxg4 58. Rxg4 Nd6+ 59. Kf3
Kf5 60. Ra4 Nb5 61. Kg3 Nc3 62. Ra7 Ne4+ 63. Kh3 Nf2+ 64. Kg3 Ne4+ 65. Kh3 Bf6
66. Ra1 Nf2+ 67. Kg3 Nd3 68. Rf1+ Nf4 69. Rf3 Be7 70. Rb3 Bc5 71. Rb5 Bd4 72.
Ra5 Bc3 73. Ra8 Be1+ 74. Kf3 Bxh4 75. Rf8+ Bf6 76. Rf7 g5 77. Rf8 Ne6 78. Rf7
g4+ 79. Kg3 Ng5 80. Rf8 Ne4+ 81. Kg2 Nc3 82. Kg3 e4 83. Kf2 Nd5 84. Ra8 Bd4+
85. Kg2 Ne3+ 86. Kg3 Be5+ 87. Kf2 Kf4 88. Rf8+ Nf5 89. Kg2 e3 90. Kf1 Ke4 91.
Re8 Nd4 92. Re7 g3 93. Re8 Kf3 0-1

[Event "Marienbad 2016 - GM"]
[Site "Marianske Lazne CZE"]
[Date "2016.01.19"]
[Round "5.2"]
[White "Teske, Henrik"]
[Black "Vykouk, Jan"]
[Result "1/2-1/2"]
[WhiteElo "2461"]
[BlackElo "2427"]
[PlyCount "43"]
[EventDate "2016.01.16"]
[EventType "tourn"]
[EventRounds "9"]
[EventCountry "CZE"]
[Source "lmi"]
[SourceDate "2016.01.16"]

1. Nf3 Nf6 2. c4 b6 3. g3 Bb7 4. Bg2 c5 5. O-O g6 6. Nc3 Bg7 7. a3 O-O 8. Rb1
Na6 9. b4 cxb4 10. axb4 Rc8 11. b5 Nc5 12. Bb2 d5 13. cxd5 Nxd5 14. Nxd5 Qxd5
15. Bxg7 Kxg7 16. Rb4 f6 17. Qa1 Qd6 18. Rd4 Qc7 19. Rc1 e5 20. Rdc4 Qd6 21.
Qa3 a5 22. d4 1/2-1/2

[Event "Marienbad 2016 - GM"]
[Site "Marianske Lazne CZE"]
[Date "2016.01.19"]
[Round "5.3"]
[White "Szwed, Jacek"]
[Black "Siva, Mahadevan"]
[Result "1-0"]
[WhiteElo "2369"]
[BlackElo "2370"]
[PlyCount "133"]
[EventDate "2016.01.16"]
[EventType "tourn"]
[EventRounds "9"]
[EventCountry "CZE"]
[Source "lmi"]
[SourceDate "2016.01.16"]

1. e4 c5 2. Nf3 d6 3. Bb5+ Nd7 4. d4 cxd4 5. Qxd4 a6 6. Bxd7+ Bxd7 7. c4 Rc8 8.
Nc3 e5 9. Qd3 Qc7 10. b3 b5 11. Nd5 Qb7 12. O-O Ne7 13. Ne3 Bc6 14. Nd2 Rd8 15.
Bb2 g6 16. Bc3 b4 17. Bb2 Bg7 18. a3 a5 19. axb4 axb4 20. Ra5 O-O 21. Rfa1 Qd7
22. Nc2 f5 23. Nxb4 Bb7 24. Nd5 fxe4 25. Nxe4 Nxd5 26. cxd5 Ra8 27. Qb5 Qc7 28.
Rxa8 Bxa8 29. Rc1 Qf7 30. Rd1 Qa7 31. Ra1 Qf7 32. Rd1 Qa7 33. Qb4 Qa2 34. Qa3
Qxa3 35. Bxa3 Rb8 36. Bxd6 Rxb3 37. f3 Kf7 38. Ng5+ Ke8 39. Ne6 Bf6 40. Ra1 Bb7
41. Nc5 Rb2 42. Re1 Kf7 43. Nxb7 Rxb7 44. Bxe5 Rd7 45. Bxf6 Kxf6 46. Rd1 Ke5
47. Kf2 Rxd5 48. Rxd5+ Kxd5 49. Kg3 Ke5 50. Kg4 h6 51. h4 Kf6 52. Kf4 h5 53. g3
g5+ 54. hxg5+ Kg6 55. Ke5 Kxg5 56. f4+ Kg4 57. f5 Kxg3 58. f6 h4 59. f7 h3 60.
f8=Q Kg2 61. Qg7+ Kh1 62. Qb7+ Kg1 63. Qb1+ Kg2 64. Qc2+ Kg1 65. Qd1+ Kg2 66.
Qe2+ Kg1 67. Qg4+ 1-0